000
00218 a2200097 4500
001
25583
100
_a
Akhtar, R
245
_a
Pakistan : a Land of many splendors
260
_a
_b
Pak Pubs
_c
1970
090
_c
17302
_d
17302
942
_a
NUST-CAE
_c
M
_c
8117
999
_c
260656
_d
260656